000 nam a22 7a 4500
999 _c127574
_d127574
008 180302b xxu||||| |||| 00| 0 eng d
050 _aPR6023.E926 Z535
100 _aLewis, Clive Staples
_940132
245 _aLetters of C.S. Lewis
_cClive S. Lewis
260 _aLondon
_bGeoffrey Bles Ltd.
_c1966
300 _a308p. ;
_c22cm.
700 _aLewis, Warren Hamilton (ed.)
_940133
942 _2lcc
_cMONOGRAPH